000 nam a22 a 4500
999 _c1138
_d1138
003 AKMAL
005 20170508143350.0
008 170508s1993 my 00 may d
020 _a9839045121 (jil. 1)
020 _a9839045156 (jil. 3)
020 _a9839045164 (jil. 4)
020 _a9839045172 (jil. 5)
040 _aAKMAL
082 0 4 _a297.44 TUJ
090 _a297.44
_bTUJ
245 _aKoleksi 75 kisah benar dalam hidup nabi-nabi, para sahabat & tokoh-tokoh Islam /
_cPenyusun Mohd Najib, Nasir Ahmad
260 _aKuala Lumpur :
_bJasmin Enterprise,
_c1993
300 _aJil. ;
_c19cm
504 _aMengandungi bibliografi
650 _aKoran stories, Malay
_91888
650 _aIslamic stories, Malay
_91556
700 _aMohd. Najib
_92335
700 _aNasir Ahamad
_92336
740 2 _aKoleksi tujuh puluh lima kisah benar dalam hidup nabi-nabi, para sahabat dan tokoh-tokoh Islam
942 _2ddc
_cBOOK